01004nam a2200217 a 4500001001000000003000900010005001700019007000300036008004100039040002500080082001400105110007300119245006700192260010400259300002000363500023200383590002700615942001300642952011400655999001700769000032050DO-SdBNP20230220091027.0ta110712e1985 dr c gr 000 0 spa d aDO-SdBNPbspacBNPHU 4bG575c2221 aRepública Dominicana.bGobierno de Concentración Nacional93206410aPrimer centenario de la fundación de la provincia Espaillat. aSanto Domingo :bDirección General de Información, Publicidad y Prensa de la Presidencia,c1985 a18 p. ;c21 cm. aTexto de la Conferencia Dictada por el Presidente Salvador Jorge Blanco en los Salones del Ayuntamiento Municipal de Moca con motivo del Primer Centenario de la Fundación de la Provincia Espaillat el día 7 de julio de 1985. aInventariado 2023 / MF 2ddccLF2 0010718PDaPDbPDcCTd2011-07-12iLF1l0oxxxx G575cp32050-10r2020-06-25w2020-06-25yLFPDZNo se presta c31541d31541